| 000 | 01271nam a2200337 4500 | ||
|---|---|---|---|
| 001 | 113741 | ||
| 003 | DR-UNIBE | ||
| 005 | 20250606110149.0 | ||
| 008 | 250606b2020 xxu||||| |||| 00| 0 eng d | ||
| 020 | _a9780323642019 | ||
| 040 |
_aBIBLIOTECA UNIBE _cBIBLIOTECA UNIBE _erda |
||
| 041 | _aeng | ||
| 082 | _a614.44 J47e 2020 | ||
| 245 |
_aJekel's epidemiology, biostatistics, preventive medicine, and public health / _bJoann Elmore [y otros tres] |
||
| 250 | _aQuinta edición | ||
| 260 |
_aPhiladelphia : _b Elsevier, _c2020 |
||
| 300 |
_axiii, 450 páginas : _bilustraciones (algunas a color) |
||
| 504 | _aIncluye referencias bibliográficas e índice | ||
| 505 | _aSection I. Epidemiology | Section 2. Biostatistics | Section 3. Preventive Medicine | Section 4. Public Health | | ||
| 650 |
_aEpidemiología _9120925 |
||
| 650 |
_aEstadísticas médicas _937491 |
||
| 650 | _aMedicina preventiva | ||
| 650 |
_aSalud pública _9120927 |
||
| 650 |
_aServicios de salud preventiva _xEstadísticas _9196229 |
||
| 650 | 0 |
_a _9159587 |
|
| 700 | 1 |
_aElmore, Joann G. _eautor _9120929 |
|
| 700 | 1 |
_aWild, Dorothea M. G. _eautor _9120930 |
|
| 700 | 1 |
_aKatz, David L. _d1963- _eautor _9120928 |
|
| 700 | 1 |
_aKatz, David L. _eautor _9196227 |
|
| 942 |
_2ddc _cBK-RES |
||
| 999 |
_c113741 _d113741 |
||